| 000 | 00449nam a2200157 i 4500 | ||
|---|---|---|---|
| 001 | 88481 | ||
| 003 | ES-MaACL | ||
| 005 | 20230906175852.0 | ||
| 007 | t| | ||
| 008 | 050104s1964 sp ||||1| spa d | ||
| 100 | 1 |
_aLalinde Poyo, Lucio. _969732 |
|
| 245 | 1 | 0 |
_aYo hice un cursillo de cristiandad / _cLucio Lalinde Poyo. |
| 260 |
_aEstella (Navarra) : _bVerbo Divino, _c[1964] |
||
| 300 |
_a192 p. ; _c19 cm. |
||
| 852 |
_aES-MaACL _jC-25064 _bR.53986 |
||
| 999 |
_c88481 _d88481 |
||